Reconoce el país por la comida - Estadísticas

Estadísticas generales
  • Esta prueba ha sido intentada 221 veces
  • La puntuación promedio es 7 de 16
Estadísticas de respuestas
Imagen Respuesta % Correcto
Italia
99%
España
93%
México
93%
Estados Unidos
89%
Japón
86%
Estados Unidos
65%
España
60%
Grecia
24%
Turquía
23%
Francia
15%
Gran Bretaña
11%
Polonia
11%
Polonia
8%
Austria
5%
Dinamarca
4%
Hungría
2%
No se encontraron pruebas coincidentes
Distribución de puntuación
Porcentaje de gente con cada puntuación
Porcentaje por número respondido
Historial de tus puntuaciones
No has intentado esta prueba.